| 000 | 00498nam a2200169 a 4500 | ||
|---|---|---|---|
| 001 | 3656 | ||
| 003 | CDMR | ||
| 005 | 20131001170154.0 | ||
| 008 | 130130s1987||||||||||||||||||||||||||||d | ||
| 020 | _a8450570549 | ||
| 040 |
_aCDMR _bcat _cCDMR |
||
| 100 | 1 |
_aBarroso García, Jaime _92590 |
|
| 245 | 1 | 0 |
_aTécnicas de trabajo del reportero gráfico de televisión _cJaime Barroso y emilio Polo |
| 260 |
_aMadrid _c1987 _bInstituto Oficial de Radio y Televisión |
||
| 300 | _a34 p. | ||
| 942 |
_cFULLET _2udc |
||
| 999 |
_c3656 _d3656 |
||